[Event "Barcelona Vila de Gracia op 23rd"]
[Site "Barcelona"]
[Date "2019.12.13"]
[Round "8"]
[White "Puertas Manzano, Jose Luis"]
[Black "Van Keulen, Onno"]
[Result "1/2-1/2"]
[WhiteElo "2030"]
[BlackElo "1909"]
[PlyCount "90"]
[EventDate "2019.10.11"]
[EventType "swiss"]
[EventRounds "9"]
[EventCountry "ESP"]
[SourceTitle "CBM 194 Extra"]
[Source "ChessBase"]
[SourceDate "2020.03.31"]
[SourceVersion "1"]
[SourceVersionDate "2020.03.31"]
[SourceQuality "1"]

1. d4 Nf6 2. c4 e6 3. Nc3 d5 4. Nf3 Be7 5. Bf4 0-0 6. e3 b6 7. Qc2 c5 8. 0-0-0 Nc6 9. Ne5 Bb7 10. Kb1 cxd4 11. Nxc6 Bxc6 12. Rxd4 Qc8 13. cxd5 Nxd5 14. Nxd5 Bxd5 15. Qxc8 Raxc8 16. f3 Rfd8 17. Ba6 Ra8 18. Rhd1 g5 19. Bc7 Rd7 20. Bg3 Bc5 21. R4d3 Re7 22. Be5 h6 23. a3 Bb7 24. Bc4 a5 25. Bf6 Rc7 26. Rd8+ Rxd8 27. Rxd8+ Bf8 28. Bb5 Rc8 29. Rxc8 Bxc8 30. Bd4 Bc5 31. Bxc5 bxc5 32. Kc2 Kf8 33. Kd3 Ke7 34. Kc4 Kd6 35. Be8 Ba6+ 36. Kb3 Ke7 37. Bc6 Kd6 38. Ba8 Bb5 39. a4 Bf1 40. g3 f6 41. f4 Be2 42. Kc3 Bd1 43. b3 Be2 44. Be4 Ba6 45. Bd3 Bb7 1/2-1/2

[Event "Barcelona 150 aniversity 1"]
[Site "Barcelona"]
[Date "2019.06.21"]
[Round "9.1"]
[White "Van Keulen, Onno"]
[Black "De Azua Arpi, Rafael"]
[Result "1/2-1/2"]
[WhiteElo "1912"]
[BlackElo "1942"]
[PlyCount "53"]
[EventDate "2019.04.26"]
[EventType "swiss"]
[EventRounds "9"]
[EventCountry "ESP"]
[SourceTitle "EXT 2024"]
[Source "ChessBase"]
[SourceDate "2023.10.10"]
[SourceVersion "1"]
[SourceVersionDate "2023.10.10"]
[SourceQuality "1"]

1. Nf3 Nf6 2. c4 g6 3. Nc3 Bg7 4. d4 d5 5. Bg5 Ne4 6. Bh4 Nxc3 7. bxc3 c6 8. e3 0-0 9. Bd3 Nd7 10. 0-0 Nf6 11. Qb3 b6 12. cxd5 cxd5 13. c4 dxc4 14. Bxc4 Bb7 15. Ne5 Bd5 16. Rac1 Bxc4 17. Qxc4 Qd5 18. Bxf6 Qxc4 19. Rxc4 exf6 20. Nc6 Rfe8 21. a4 Bf8 22. Rfc1 Kg7 23. Kf1 Bd6 24. h3 f5 25. d5 Kf6 26. Ke2 g5 27. g4 1/2-1/2

[Event "Barcelona Tupinamba op-A 14th"]
[Site "Barcelona"]
[Date "2019.04.03"]
[Round "2.1"]
[White "Van Keulen, Onno"]
[Black "Munoz Pantoja, Miguel Angel"]
[Result "0-1"]
[WhiteElo "1922"]
[BlackElo "2482"]
[PlyCount "90"]
[EventDate "2019.03.27"]
[EventType "swiss"]
[EventRounds "9"]
[EventCountry "ESP"]
[SourceTitle "EXT 2024"]
[Source "ChessBase"]
[SourceDate "2023.10.10"]
[SourceVersion "1"]
[SourceVersionDate "2023.10.10"]
[SourceQuality "1"]

1. e4 d5 2. exd5 Qxd5 3. Nc3 Qa5 4. Bc4 Nf6 5. d3 Bg4 6. f3 Bd7 7. Bd2 Qb6 8. h3 e6 9. f4 Bc5 10. Nf3 Bf2+ 11. Kf1 Nh5 12. Ne4 Ng3+ 13. Nxg3 Bxg3 14. d4 Qd6 15. Qc1 Bc6 16. Be2 Bxf3 17. Bxf3 Qxd4 18. Be3 Qc4+ 19. Be2 Qb4 20. a3 Qd6 21. Qd2 Qxd2 22. Bxd2 Nc6 23. Bb5 0-0-0 24. Be3 Nd4 25. Bd3 Nf5 26. Ke2 Bh4 27. Rhd1 Nxe3 28. Kxe3 f5 29. Bc4 Rde8 30. Kf3 e5 31. fxe5 Rxe5 32. g3 Bf6 33. c3 Rhe8 34. Rd2 Re3+ 35. Kf2 f4 36. gxf4 Rxh3 37. Re2 Bh4+ 38. Kg2 Rg3+ 39. Kh2 Rf8 40. Be6+ Kb8 41. Rd1 Rxf4 42. Bg8 Rf8 43. Bxh7 Rg5 44. Rd3 Rh8 45. Rh3 Rh5 0-1

[Event "Barcelona Tres Peons-A 20th"]
[Site "Barcelona"]
[Date "2018.02.28"]
[Round "8.11"]
[White "Van Keulen, Onno"]
[Black "Soto Balastegui, Victor"]
[Result "1-0"]
[WhiteElo "1938"]
[BlackElo "1772"]
[PlyCount "115"]
[EventDate "2018.01.10"]
[EventType "swiss"]
[EventRounds "9"]
[EventCountry "ESP"]
[SourceTitle "EXT 2024"]
[Source "ChessBase"]
[SourceDate "2023.10.10"]
[SourceVersion "1"]
[SourceVersionDate "2023.10.10"]
[SourceQuality "1"]

1. d4 Nf6 2. Nf3 d6 3. c4 g6 4. Nc3 Bg7 5. Bg5 0-0 6. e3 a5 7. Be2 Bf5 8. 0-0 h6 9. Bh4 g5 10. Bg3 Nbd7 11. h3 c6 12. Rc1 Qe8 13. Bd3 Bxd3 14. Qxd3 Nh5 15. Bh2 f5 16. Rfd1 Qg6 17. g4 Nhf6 18. Qxf5 Qe8 19. Kg2 Kh8 20. Bg3 Qf7 21. d5 Qe8 22. Qc2 Nh7 23. Nd4 Be5 24. Nf5 Bxg3 25. Nxg3 Qf7 26. Nf5 h5 27. Ne4 Rae8 28. Qc3+ Ndf6 29. Rd2 Qg6 30. Rf1 Kg8 31. Nxf6+ Nxf6 32. f3 Rf7 33. Qxa5 Rh7 34. Rdd1 Nd7 35. Ng3 Qc2+ 36. Qd2 Qxc4 37. Nxh5 Nf6 38. b3 Qxd5 39. Nxf6+ exf6 40. Qxd5+ cxd5 41. Rxd5 Rxe3 42. Rxd6 Rf7 43. Kf2 Rc3 44. Rfd1 Rcc7 45. R1d2 Kg7 46. Kg3 Kg6 47. R6d3 Rfe7 48. a4 Rf7 49. b4 f5 50. Rd6+ Rf6 51. Rxf6+ Kxf6 52. gxf5 Kxf5 53. Rd5+ Kg6 54. a5 Kh5 55. Rd4 Re7 56. b5 Re5 57. Rb4 Re2 58. Ra4 1-0

[Event "Barcelona Tres Peons-A 20th"]
[Site "Barcelona"]
[Date "2018.02.14"]
[Round "6.11"]
[White "Van Keulen, Onno"]
[Black "Agut Alvarez, Josep Lluis"]
[Result "1/2-1/2"]
[WhiteElo "1938"]
[BlackElo "1727"]
[PlyCount "127"]
[EventDate "2018.01.10"]
[EventType "swiss"]
[EventRounds "9"]
[EventCountry "ESP"]
[SourceTitle "EXT 2024"]
[Source "ChessBase"]
[SourceDate "2023.10.10"]
[SourceVersion "1"]
[SourceVersionDate "2023.10.10"]
[SourceQuality "1"]

1. Nf3 g6 2. c4 Bg7 3. Nc3 c5 4. g3 Nf6 5. Bg2 0-0 6. 0-0 d6 7. d4 cxd4 8. Nxd4 a6 9. Bg5 h6 10. Be3 Ng4 11. Bc1 Nf6 12. h3 Nbd7 13. Be3 Ne5 14. b3 Qa5 15. Qd2 Kh7 16. Rfd1 Rb8 17. Rac1 Nc6 18. Bxc6 bxc6 19. Nxc6 Qh5 20. Nxb8 Qxh3 21. Qd4 Bb7 22. f3 Qxg3+ 23. Kf1 Bc8 24. Bf2 Bh3+ 25. Ke1 Qg2 26. Qh4 h5 27. Qg3 Rxb8 28. Qxg2 Bxg2 29. Nd5 g5 30. Be3 Nxd5 31. Rxd5 f6 32. Ra5 Ra8 33. Kf2 Bh3 34. b4 Kg6 35. b5 Bc8 36. bxa6 Rxa6 37. Rxa6 Bxa6 38. c5 dxc5 39. Bxc5 e6 40. Rb1 f5 41. Rb6 Bc4 42. a4 Bc3 43. Rb1 Bd5 44. Bb6 h4 45. Rh1 Be5 46. Bd8 Bg3+ 47. Kg2 Kh5 48. a5 g4 49. a6 e5 50. a7 e4 51. fxg4+ Kxg4 52. Rd1 Ba8 53. Bxh4 e3+ 54. Kg1 Bxh4 55. Rb1 Kh3 56. Rf1 Bf2+ 57. Rxf2 exf2+ 58. Kxf2 Kg4 59. Ke3 f4+ 60. Kf2 Kf5 61. Ke1 Ke4 62. Kd2 Kd4 63. Kd1 Ke3 64. Ke1 1/2-1/2

[Event "Barcelona Tres Peons op 19th"]
[Site "Barcelona"]
[Date "2017.02.22"]
[Round "7"]
[White "Van Keulen, Onno"]
[Black "Barragan Hernandez, Manel"]
[Result "0-1"]
[WhiteElo "1936"]
[BlackElo "1879"]
[PlyCount "58"]
[EventDate "2017.01.11"]
[EventType "swiss"]
[EventRounds "9"]
[EventCountry "ESP"]
[SourceTitle "EXT 2018"]
[Source "ChessBase"]
[SourceDate "2017.10.13"]
[SourceVersion "1"]
[SourceVersionDate "2017.10.13"]
[SourceQuality "1"]

1. d4 Nf6 2. Nf3 g6 3. c4 Bg7 4. Nc3 d5 5. Bg5 Ne4 6. Bh4 c6 7. e3 Bg4 8. Bd3 Qa5 9. 0-0 Nxc3 10. Qd2 Bxf3 11. gxf3 dxc4 12. Bxc4 Qh5 13. Bxe7 Kxe7 14. Qxc3 Qg5+ 15. Kh1 Kf8 16. Qb3 Qe7 17. d5 Bf6 18. d6 Qd7 19. f4 b5 20. Be2 Qxd6 21. Bf3 Kg7 22. Rac1 a5 23. Rfd1 Qb4 24. Qd3 Rd8 25. Qf1 Rxd1 26. Rxd1 Qxb2 27. Qg2 Ra6 28. e4 Bd4 29. e5 c5 0-1

[Event "Barcelona Tres Peons 8th"]
[Site "Barcelona"]
[Date "2016.02.03"]
[Round "4.3"]
[White "Fernandez Madrid, Carlos"]
[Black "Van Keulen, Onno"]
[Result "1-0"]
[WhiteElo "2166"]
[BlackElo "1954"]
[PlyCount "69"]
[EventDate "2016.01.13"]
[EventType "swiss"]
[EventRounds "9"]
[EventCountry "ESP"]
[SourceTitle "EXT 2024"]
[Source "ChessBase"]
[SourceDate "2023.10.10"]
[SourceVersion "1"]
[SourceVersionDate "2023.10.10"]
[SourceQuality "1"]

1. d4 Nf6 2. c4 e6 3. Nc3 c5 4. d5 exd5 5. cxd5 d6 6. e4 g6 7. Nf3 Bg7 8. Bb5+ Bd7 9. Be2 0-0 10. 0-0 Bg4 11. Bf4 a6 12. a4 Bxf3 13. Bxf3 Qe7 14. e5 dxe5 15. d6 Qd7 16. Bxe5 Rd8 17. Bxf6 Bxf6 18. Ne4 Bd4 19. b4 Qf5 20. bxc5 Bxc5 21. Rc1 Nd7 22. Nxc5 Nxc5 23. Bg4 Qe5 24. Re1 Qxe1+ 25. Qxe1 Nd3 26. Qe3 Nxc1 27. Qxc1 Rxd6 28. h3 Rad8 29. Qb2 b6 30. Bf3 Rb8 31. Qe5 Rbd8 32. h4 h5 33. Qg5 Rd4 34. a5 bxa5 35. Qxa5 1-0

[Event "Barcelona Sant Marti op-A 4th"]
[Site "Barcelona"]
[Date "2015.02.19"]
[Round "6"]
[White "Van Keulen, Onno"]
[Black "Parayre Soguero, Jordi"]
[Result "0-1"]
[WhiteElo "1990"]
[BlackElo "1908"]
[PlyCount "118"]
[EventDate "2015.01.15"]
[EventType "swiss"]
[EventRounds "9"]
[EventCountry "ESP"]
[SourceTitle "EXT 2016"]
[Source "ChessBase"]
[SourceDate "2015.10.08"]
[SourceVersion "1"]
[SourceVersionDate "2015.10.08"]
[SourceQuality "1"]

1. d4 Nf6 2. c4 e6 3. g3 c5 4. Nf3 cxd4 5. Nxd4 d5 6. Bg2 e5 7. Nf3 d4 8. 0-0 Nc6 9. e3 Be7 10. exd4 exd4 11. b3 0-0 12. Bb2 Bg4 13. h3 Bxf3 14. Bxf3 Bc5 15. a3 a5 16. Nd2 Re8 17. Re1 Qb6 18. Rb1 Ne5 19. Ne4 Nxe4 20. Bxe4 d3 21. Bxh7+ Kxh7 22. Rxe5 Rxe5 23. Bxe5 Bxf2+ 24. Kg2 Rd8 25. Qf3 d2 26. Rd1 Be1 27. Qxf7 Qc6+ 28. Qf3 Qxf3+ 29. Kxf3 Rd3+ 30. Ke2 Rxb3 31. Bf4 Rxa3 32. Bxd2 Bxd2 33. Rxd2 Rxg3 34. Rd7 b6 35. Rb7 Rg6 36. Kf3 Kh6 37. Ra7 Kg5 38. Ra6 Kh4 39. c5 Rf6+ 40. Kg2 bxc5 41. Rxa5 Rc6 42. Ra3 c4 43. Rc3 Kg5 44. Kf3 Kf5 45. Ke3 Ke5 46. Rc1 c3 47. Kd3 c2 48. Kd2 Kf4 49. Rf1+ Kg3 50. Kc1 Kxh3 51. Rh1+ Kg2 52. Rh5 g6 53. Rh8 g5 54. Rg8 Rc5 55. Rg7 Kg3 56. Rg8 g4 57. Rg7 Rc4 58. Rg8 Kf3 59. Rg7 g3 0-1

[Event "Barcelona Sant Marti op-A 4th"]
[Site "Barcelona"]
[Date "2015.02.12"]
[Round "5"]
[White "Boixader Arbo, Xavier"]
[Black "Van Keulen, Onno"]
[Result "0-1"]
[WhiteElo "1765"]
[BlackElo "1990"]
[PlyCount "66"]
[EventDate "2015.01.15"]
[EventType "swiss"]
[EventRounds "9"]
[EventCountry "ESP"]
[SourceTitle "EXT 2016"]
[Source "ChessBase"]
[SourceDate "2015.10.08"]
[SourceVersion "1"]
[SourceVersionDate "2015.10.08"]
[SourceQuality "1"]

1. e4 c6 2. Nc3 d5 3. Nf3 Bg4 4. h3 Bxf3 5. Qxf3 e6 6. Bd3 Nf6 7. 0-0 Nbd7 8. Qe2 Ne5 9. f4 Nxd3 10. cxd3 Bc5+ 11. Kh2 0-0 12. e5 Nd7 13. Nd1 Qe7 14. Ne3 f6 15. exf6 Nxf6 16. b3 Bd4 17. Rb1 Rae8 18. Nc2 Bb6 19. Bb2 Bc7 20. Be5 Bxe5 21. fxe5 Nd7 22. d4 Qg5 23. b4 h5 24. Ne3 Nxe5 25. dxe5 Qxe5+ 26. g3 d4 27. a4 dxe3 28. dxe3 h4 29. Rxf8+ Rxf8 30. Rg1 b6 31. Rg2 c5 32. Qg4 hxg3+ 33. Rxg3 cxb4 0-1

[Event "Barcelona Sant Marti op-A 4th"]
[Site "Barcelona"]
[Date "2015.02.05"]
[Round "4"]
[White "Van Keulen, Onno"]
[Black "Espinosa Cebrian, Carlos"]
[Result "1/2-1/2"]
[WhiteElo "1990"]
[BlackElo "1875"]
[PlyCount "98"]
[EventDate "2015.01.15"]
[EventType "swiss"]
[EventRounds "9"]
[EventCountry "ESP"]
[SourceTitle "EXT 2016"]
[Source "ChessBase"]
[SourceDate "2015.10.08"]
[SourceVersion "1"]
[SourceVersionDate "2015.10.08"]
[SourceQuality "1"]

1. d4 Nf6 2. c4 e6 3. Nf3 c5 4. g3 b6 5. Bg2 Bb7 6. 0-0 g6 7. Nc3 Bg7 8. Re1 Ne4 9. Nxe4 Bxe4 10. Bg5 Qc8 11. Qd2 0-0 12. Rac1 Qb7 13. Bh6 d6 14. Bxg7 Kxg7 15. Red1 Nc6 16. d5 exd5 17. cxd5 Nb4 18. Ng5 Bxg2 19. Kxg2 Nxa2 20. Ra1 Nb4 21. Qc3+ Kg8 22. Ne4 f5 23. Nf6+ Kf7 24. Nxh7 Nxd5 25. Qf3 Rh8 26. Rxd5 Rxh7 27. Rxf5+ Kg8 28. Qxb7 Rxb7 29. Rf6 d5 30. Rxg6+ Kf7 31. Rh6 Kg7 32. Rd6 d4 33. h4 Re8 34. Kf1 Re4 35. b3 Rbe7 36. Ra2 Rf7 37. Kg2 Kf8 38. Rd8+ Kg7 39. Ra8 Ree7 40. g4 b5 41. Rc8 Rc7 42. Rxc7 Rxc7 43. Kf3 Rf7+ 44. Kg3 c4 45. bxc4 bxc4 46. f4 c3 47. Kf3 Rc7 48. Rc2 Rb7 49. Ra2 Rc7 1/2-1/2

[Event "Barcelona Ateneu Colon op 7th"]
[Site "Barcelona"]
[Date "2012.05.02"]
[Round "7"]
[White "Van Keulen, Onno"]
[Black "Bielecki, Pawel"]
[Result "0-1"]
[WhiteElo "2024"]
[BlackElo "1938"]
[PlyCount "86"]
[EventDate "2012.03.14"]
[EventType "swiss"]
[EventRounds "9"]
[EventCountry "ESP"]
[SourceTitle "EXT 2013"]
[Source "ChessBase"]
[SourceDate "2012.11.22"]
[SourceVersion "1"]
[SourceVersionDate "2012.11.22"]
[SourceQuality "1"]

1. d4 Nf6 2. Bg5 Ne4 3. Bf4 c5 4. f3 Qa5+ 5. c3 Nf6 6. Nd2 cxd4 7. Nb3 Qf5 8. Bxb8 Rxb8 9. Nxd4 Qa5 10. e4 e5 11. Nb5 Qb6 12. Qb3 a6 13. Na3 Qxb3 14. axb3 d5 15. exd5 Nxd5 16. Nc4 f6 17. b4 Be7 18. Kf2 0-0 19. Rd1 Be6 20. Bd3 Nf4 21. Ne3 Rfd8 22. Bf5 Bb3 23. Rxd8+ Rxd8 24. g3 Nd3+ 25. Bxd3 Rxd3 26. Ke2 Rd7 27. Nh3 Kf7 28. Nf2 Ke6 29. g4 g6 30. Nd3 Ba4 31. h4 Bc6 32. Nc1 f5 33. gxf5+ gxf5 34. Nb3 f4 35. Nc4 Bb5 36. Nbd2 Rxd2+ 37. Kxd2 Bxc4 38. Rg1 Bxh4 39. Rh1 Bf2 40. Rxh7 Be3+ 41. Ke1 e4 42. Rc7 b5 43. b3 Bd3 0-1